اللالي المصنوعة في الاحاديث الموضوعة

Bibliographic Details
Main Author: سيوطي , 1445-1505 (Author)
Format: Book
Published: Bayrut : Dar al-Ma'rifah , 1983
Subjects:

MARC

LEADER 00000cam a2200000 7i4500
001 0000026558
005 20201210093000.0
008 021119s1983
090 0 0 |a BP136.74   |b .S2 1983 
100 0 |a سيوطي ,   |d 1445-1505 ,   |e author 
245 1 2 |a اللالي المصنوعة في الاحاديث الموضوعة   |c للامام جلال الدين عبد الرحمن السيوطي 
260 2 |a Bayrut :   |b Dar al-Ma'rifah ,   |c 1983 
300 |a 2 v. ;   |c 25 cm. 
650 0 |a Hadith   |x Forgeries   |v Early works to 1800 
745 0 3 |a al-Laali al-masnuah fi al-ahadith al-mawduah 
999 |a 1000026861   |b Book   |c OPEN SHELF (30 DAYS)   |e Gong Badak Campus 
999 |a 1000026862   |b Book   |c OPEN SHELF (30 DAYS)   |e Gong Badak Campus